1627 1571 1145 1924 1699 1809 1395 1222 1426 1994 1548 1391 1525 1186 1062 1259 1887 1882 1505 1973 1303 1777 1082 1293 1404 1711 1923 1555 1524 1391 1324 1276 1481 1244 1964 1189 1998 1965 1966 1587 1544 1321 1399 1914 1617 1510 1955 1152 1945 1421 1613 1173 1576 1690 1395 1912 1575 1404 1108 1897 1622 1667 1192 1010 1216 1044 1041 1440 1355 1159 1407 1689 1303 1956 1410 1137 1258 1608 1624 1589 1049 1671 1851 1709 1240 1957 1940 1630 1738 1655 1437 1180 1596 1146 1406 1061 1368 1546 1843 BCNSPRNW ULIB Ver.6.0+V

เปลี่ยนเป็นภาษาไทย

Change to English
 แสดงรายละเอียดบรรณานุกรม
  กลับหน้าหลัก

Brief Record : Get Marc (ISO 2709) : E-mail record : QR code < ปิดหน้าต่าง
LEADER : 00000nam 2200000uu 4500
001    13399120997
003     ULIB
008    120706s2546||||th 000 0 tha d
020    ^a9789749656020
020    9749656024
090    ^aนว.^bร930ฮ ล.5
100 0  ^aโรว์ลิ่ง, เจ.เค.
245 00 ^aแฮร์รี่ พอตเตอร์ กับพาคีนกฟินิกซ์ เล่ม5/^cโรว์ลิ่ง, เจ.เค.
250    ^aพิมพ์ครั้งที่ 18
260    ^aกรุงเทพฯ :^bนานมีบุ๊คส์,^c2546
300    ^a1047 หน้า
710 1  ^aนานมีบุ๊คส์
945    ^p495^l0^i14053
995    ^aกัณชพร
999    ^aใช้งานได้ทุกระบบ
รายการนี้ยังไม่มีแท็ก
คุณยังไม่ได้ล็อกอิน คุณสามารถมีกิจกรรมร่วมกับเว็บไซต์ได้ แต่ต้องล็อกอินก่อน ::
  ล็อกอิน

รายการสื่อสารสนเทศ

ลำดับที่ ประเภท เลขเรียก/บาร์โค้ด สถานที่ สถานะ
1. นวนิยาย
นวนิยาย
นว. ร930ฮ ล.5 ฉ.1 
  Barcode: 14053
ห้องสมุดวิทยาเขตสวรรค์ประชารักษ์
►นวนิยาย
บนชั้น
  ขอยืม

รายการใกล้เคียง
    ผู้แต่ง [โรว์ลิ่ง, เจ.เค.]

BibComment


ยังไม่เคยถูกคอมเมนท์

คอมเมนท์ทรัพยากรรายการนี้
  คอมเมนท์: แฮร์รี่ พอตเตอร์..


 Copyright 2026. Bcnsprnw @Library